000 00637nam a2200229 a 4500
005 20210219153133.0
008 991125n 000 0 spa u
035 _aUPN01000079662
100 1 _aRafael Vázquez, Bárbara
222 _aEDUCACION
245 _aLa formación del personal docente en las condiciones de la revolución cubana
260 _aCuba
300 _a40-55
362 0 _a1986 Año 16, no. 61 abr.-jun.
653 0 _aCUBA
653 0 _aEDUCACION PRIMARIA
653 0 _aEDUCACION SOCIALISTA
653 0 _aFORMACION DE MAESTROS
653 0 _aPRACTICA DOCENTE
904 _aAC
_b017473
905 _aArticulo
999 _c69178
_d69178